000 01597nam a2200385Ia 4500
001 ebr10171371
003 CaPaEBR
006 m u
007 cr cn|||||||||
008 060303s2006 nyua sb 001 0 eng d
010 _z 2006042379
020 _z0826137849 (alk. paper)
040 _aCaPaEBR
_cCaPaEBR
035 _a(OCoLC)300756043
050 1 4 _aBF637.C6
_bS325 2006eb
082 0 4 _a158/.3
_222
100 1 _aGoodman, Jane,
_d1942-
245 1 0 _aCounseling adults in transition
_h[electronic resource] :
_blinking practice with theory.
250 _a3rd ed. /
_bJane Goodman, Nancy K. Schlossberg, Mary L. Anderson.
260 _aNew York :
_bSpringer Pub. Co.,
_cc2006.
300 _axvii, 334 p. :
_bill.
500 _aRev. ed. of: Counseling adults in transition / Nancy K. Schlossberg, Elinor B. Waters, Jane Goodman.
504 _aIncludes bibliographical references and index.
533 _aElectronic reproduction.
_bPalo Alto, Calif. :
_cebrary,
_d2009.
_nAvailable via World Wide Web.
_nAccess may be limited to ebrary affiliated libraries.
650 0 _aCounseling.
650 0 _aAdulthood.
650 0 _aMiddle age
_xPsychological aspects.
650 0 _aMiddle-aged persons
_xCounseling of.
655 7 _aElectronic books.
_2local
700 1 _aSchlossberg, Nancy K.,
_d1929-
700 1 _aAnderson, Mary L.
700 1 _aSchlossberg, Nancy K.,
_d1929-
_tCounseling adults in transition.
710 2 _aebrary, Inc.
856 4 0 _uhttp://site.ebrary.com/lib/rucke/Doc?id=10171371
_zAn electronic book accessible through the World Wide Web; click to view
999 _c249951
_d249951